| Tag |
First Indicator |
Second Indicator |
Subfields |
| LEADER |
00000cam a2200000 a 4500 |
| 001 |
in00002011196 |
| 005 |
20151031145103.0 |
| 008 |
990324s1998 sp a b 000 1aspa |
| 010 |
|
|
|a 99507480
|
| 019 |
|
|
|a 40518699
|
| 020 |
|
|
|a 8478951113
|
| 020 |
|
|
|a 847895113X
|
| 035 |
|
|
|a (OCoLC)ocm40615367
|
| 040 |
|
|
|a DLC
|c DLC
|d JED
|d CSP
|d PL#
|d YSM
|d I5B
|d DPL
|d DIBAM
|d OCLCQ
|d UtOrBLW
|
| 043 |
|
|
|a n-mx---
|
| 049 |
|
|
|a TXAM
|
| 050 |
0 |
0 |
|a PQ7298.15.S638
|b Z464 1998
|
| 082 |
0 |
0 |
|a 863/.64
|a B
|2 21
|
| 100 |
1 |
|
|a Esquivel, Laura,
|d 1950-
|
| 245 |
1 |
0 |
|a Intimas suculencias :
|b tratado filosófico de cocina /
|c Laura Esquivel ; adornos de F. Meléndez.
|
| 264 |
|
1 |
|a Madrid :
|b Ollero & Ramos,
|c [1998]
|
| 264 |
|
4 |
|c ©1998
|
| 300 |
|
|
|a 158 pages :
|b illustrations ;
|c 19 cm.
|
| 336 |
|
|
|a text
|b txt
|2 rdacontent
|
| 337 |
|
|
|a unmediated
|b n
|2 rdamedia
|
| 338 |
|
|
|a volume
|b nc
|2 rdacarrier
|
| 504 |
|
|
|a Includes bibliographical references.
|
| 600 |
1 |
0 |
|a Esquivel, Laura,
|d 1950-
|v Miscellanea.
|
| 650 |
|
0 |
|a Authors, Mexican
|y 20th century
|v Biography.
|
| 650 |
|
0 |
|a Cooking, Mexican.
|
| 650 |
|
7 |
|a AUTORAS MEXICANAS
|y SIGLO 20
|x BIOGRAFIAS.
|2 renib
|
| 650 |
|
7 |
|a COCINA MEXICANA.
|2 renib
|
| 700 |
1 |
|
|a Meléndez, F.
|
| 938 |
|
|
|a Puvill Libros
|b PUVL
|n 8478951115
|c $11.45
|
| 938 |
|
|
|a Iberbook International S.L.
|b IBER
|n 85180
|c P1775
|
| 948 |
|
|
|a cataloged
|b h
|c 2004/12/3
|d c
|e cmulkey
|f 12:36:01 pm
|
| 994 |
|
|
|a C0
|b TXA
|
| 999 |
|
|
|a MARS
|
| 999 |
f |
f |
|s a06a683d-4c9a-3ad5-addf-474a6c9639a8
|i 7ec7b547-d45f-3ee3-8de3-3c0bb58b17aa
|t 0
|
| 952 |
f |
f |
|p normal
|a Texas A&M University
|b College Station
|c Sterling C. Evans Library
|d Evans: Library Stacks
|t 0
|e PQ7298.15.S638 Z464 1998
|h Library of Congress classification
|i unmediated -- volume
|m A14831655932
|
| 998 |
f |
f |
|a PQ7298.15.S638 Z464 1998
|t 0
|l Evans: Library Stacks
|